000 00275nam a2200109Ia 4500
008 220204s9999 xx 000 0 und d
082 _a929(532)
_bSAR
100 _aSarhan, Samir
245 0 _aWho's who in Saudi Arabia. 1976-77
260 _aJeddah
_bTihama
_c1977
942 _cBK
999 _c26489
_d26489